Birmingham or Birmingham? - Statistics

General Stats
  • This quiz has been taken 471 times
    107 since last reset
  • The average score is 12 of 15
Answer Stats
Question Answer % Correct
Birmingham that is home to the Bullring Birmingham, UK
95%
Birmingham where Cadbury was established Birmingham, UK
93%
Birmingham where the people are called "Brummies" Birmingham, UK
93%
Birmingham whose metropolitan area includes Wolverhampton Birmingham, UK
93%
Birmingham which is located in Jefferson County Birmingham, US
93%
Birmingham that is home to a mountain Birmingham, US
88%
Birmingham with the nickname "The Magic City" Birmingham, US
88%
Birmingham which is home to the "University of Birmingham" (UoB) Birmingham, UK
82%
Birmingham with a suburb called Leeds Birmingham, US
82%
Birmingham with the larger population (city proper) Birmingham, UK
76%
Birmingham whose airport had more passengers in 2019 Birmingham, UK
74%
Birmingham whose airport has the code BHM Birmingham, US
57%
Birmingham with the larger city area Birmingham, US
53%
Birmingham with the tallest building Birmingham, UK
45%
Birmingham whose "Birmingham Botanical Gardens" has a larger area Birmingham, US
41%
No matching quizzes found
Score Distribution
Percent of People with Each Score
Percentile by Number Answered
Your Score History
You have not taken this quiz since the last reset